|
|
|
|
| LEADER |
01169nam a2200217 i 4500 |
| 001 |
c000002057 |
| 003 |
CARM |
| 005 |
00000000000000.0 |
| 008 |
830609s1967 ilu 00000 eng d |
| 019 |
1 |
|
|a 2684539
|z 7836310
|z 1910703
|5 LACONCORD2021
|
| 035 |
|
|
|a (OCoLC)220295146
|5 LACONCORD2021
|
| 110 |
2 |
0 |
|a Public Library Association.
|b Standards Committee.
|
| 245 |
1 |
0 |
|a Minimum standards for public library systems, 1966 /
|c Prepared by the Standards Committee and subcommittees of the Public Library Association, American Library Association ; Adopted July 13, 1966 by the members of the Public Library Association, including addenda approved June 29, 1967 by the Public Library Association.
|
| 260 |
|
|
|a Chicago :
|b American Library Association,
|c 1967.
|
| 300 |
|
|
|a 73 p.
|
| 500 |
|
|
|a "A list of American Library Association standards for types of libraries": p.69-70.
|
| 650 |
|
0 |
|a Public libraries
|x Standards.
|
| 852 |
8 |
|
|b CARM
|h A2:AE03E0
|i C00385
|p 0020517
|f BK
|
| 082 |
0 |
|
|a 027.473
|
| 999 |
f |
f |
|i 0cc4a412-00ef-5b99-839e-2858af3fbeeb
|s c9e32780-47ce-57dd-86e8-0d7d152d8a6c
|
| 952 |
f |
f |
|p Can circulate
|a CAVAL
|b CAVAL
|c CAVAL
|d CARM 1 Store
|e C00385
|f A2:AE03E0
|h Other scheme
|i book
|m 0020517
|